مكتبة جامعة عجلون الوطنية

فهرس بحث المكتبة

Normal view MARC view
  • الاردن -- المحكمة العليا -- قوانين

Entry Topical Term

Number of records used in: 1

001 - CONTROL NUMBER

  • control field: 46539

003 - CONTROL NUMBER IDENTIFIER

  • control field: JO-AjAnu

005 - DATE AND TIME OF LATEST TRANSACTION

  • control field: 20230606081706.0

008 - FIXED-LENGTH DATA ELEMENTS

  • fixed length control field: 230606|| aca||aabn | a|a d

040 ## - CATALOGING SOURCE

  • Original cataloging agency: JO-AjAnu
  • Transcribing agency: JO-AjAnu

150 ## - HEADING--TOPICAL TERM

  • Topical term or geographic name entry element: الاردن -- المحكمة العليا -- قوانين

670 ## - SOURCE DATA FOUND

  • Source citation: Work cat.: (JO-AjAnu)23822: اعداد المكتب الفني بادارة ابراهيم ابو رحمة , author 46538, المبادئ القانونية لمحكمة العدل العليا : المنشورة في مجلة نقابة المحامين منذ بداية سنة 1988 وحتى نهاية سنة 1992